000 00343nam a2200145Ia 4500
008 230917s9999||||xx |||||||||||||| ||und||
040 _e200071
_aMAIN
041 _aEnglish
082 _a152 I8M:B
100 _aMangan, G L
245 0 _aBiology of human conduct
260 _aOxford
_bPergamon Press
_c1982
300 _a571 p.
942 _cBK
999 _c40205
_d40205